Sports Quiz

Random Sports or NHL Quiz

NHL Lock Out Hat Trick Quiz Stats

 Plays Quiz Updated Jan 28, 2013

Challenge
Share
Tweet
Embed
Score 0/6 Timer 03:00
0 Plays Today
Teams locked out from Player % Correct
NJD, NJD, NJDMartin Brodeur
91.3%
WPG, ANA, ANATeemu Selanne
76.3%
PIT, NYR, DALJaromir Jagr
76%
HFD, EDM, PHIChris Pronger
53.8%
SJS, CAR, DALRay Whitney
32.5%
TBL, CGY, WASRoman Hamrlik
21.8%

You're not logged in!

Compare scores with friends on all Sporcle quizzes.
Join for Free
OR
Log In

You Might Also Like...

Show Comments

Extras

Top Quizzes Today


Score Distribution

Your Account Isn't Verified!

In order to create a playlist on Sporcle, you need to verify the email address you used during registration. Go to your Sporcle Settings to finish the process.

Report this User

Report this user for behavior that violates our Community Guidelines.

Details: